Prentice Hall grammar and composition 4 / (Record no. 15831)
[ view plain ]
| 000 -LEADER | |
|---|---|
| fixed length control field | 00522nam a22001937a 4500 |
| 003 - CONTROL NUMBER IDENTIFIER | |
| control field | PILC |
| 005 - DATE AND TIME OF LATEST TRANSACTION | |
| control field | 20151012112536.0 |
| 008 - FIXED-LENGTH DATA ELEMENTS--GENERAL INFORMATION | |
| fixed length control field | 130205t xxu||||| |||| 00| 0 eng d |
| 020 ## - INTERNATIONAL STANDARD BOOK NUMBER | |
| International Standard Book Number | 9812448500 |
| 050 ## - LIBRARY OF CONGRESS CALL NUMBER | |
| Classification number | PE 1112 |
| Item number | .F722 2010 |
| 082 ## - DEWEY DECIMAL CLASSIFICATION NUMBER | |
| Classification number | M 415 |
| Item number | P327 2010 |
| 245 ## - TITLE STATEMENT | |
| Title | Prentice Hall grammar and composition 4 / |
| Statement of responsibility, etc | Gary Forlini. |
| 260 ## - PUBLICATION, DISTRIBUTION, ETC. (IMPRINT) | |
| Place of publication, distribution, etc | Englewood cliffs, N.J. : |
| Name of publisher, distributor, etc | Prentice-Hall, |
| Date of publication, distribution, etc | 2010. |
| 300 ## - PHYSICAL DESCRIPTION | |
| Extent | 912 pages ; |
| Dimensions | 22 cm. |
| 526 ## - STUDY PROGRAM INFORMATION NOTE | |
| Reading level | 1210L-1700L |
| 562 ## - COPY AND VERSION IDENTIFICATION NOTE | |
| Number of copies | 1 |
| 942 ## - ADDED ENTRY ELEMENTS (KOHA) | |
| Source of classification or shelving scheme | Library of Congress Classification |
| Koha item type | Books |
| Call number prefix | Foreign |
| Withdrawn status | Lost status | Source of classification or shelving scheme | Damaged status | Home library | Current library | Shelving location | Date acquired | Total Checkouts | Total Renewals | Full call number | Barcode | Date last seen | Date checked out | Copy number | Price effective from | Koha item type | Source of acquisition | Sub Shelving location |
|---|---|---|---|---|---|---|---|---|---|---|---|---|---|---|---|---|---|---|
| Library of Congress Classification | Archives | Archives | 10/07/2015 | PE 1112 .F722 2010 | C20138 | 05/15/2018 | 10/07/2015 | Books | Donation | |||||||||
| Library of Congress Classification | Archives | Archives | 10/12/2015 | 1 | 12 | PE 1112 .F722 2010 | C20172 | 05/15/2018 | 06/10/2017 | 10/12/2015 | Books | Donation | ||||||
| Library of Congress Classification | College Library | College Library | General Circulation Section | 02/05/2013 | 3 | 5 | PE 1112 .F722 2010 | c14079 | 06/23/2023 | 05/25/2023 | 1 | 02/05/2013 | Books | |||||
| Library of Congress Classification | College Library | College Library | General Circulation Section | 10/07/2015 | 1 | 2 | PE 1112 .F722 2010 | C20137 | 06/13/2023 | 05/30/2023 | 10/07/2015 | Books | Donation |